| 000 | 00473nam a2200193Ia 4500 | ||
|---|---|---|---|
| 005 | 20240823014054.0 | ||
| 008 | 240823s9999||||xx |||||||||||||| ||und|| | ||
| 020 | _a81-86299-55-6 | ||
| 041 | _aENGLISH | ||
| 082 | _A621.4021 P3 | ||
| 100 | _aRahul Gupta | ||
| 245 | 0 | _aEngineering Thermodynamics | |
| 250 | _a1st | ||
| 260 |
_c2003 _b"Asian Books," |
||
| 500 | _aTRANSFERED | ||
| 650 |
_aThermodynamics _bAeronautical Engineering |
||
| 942 | _cBK | ||
| 999 |
_c169034 _d169034 |
||